[Event "London Classic op 4th"]
[Site "London"]
[Date "2012.12.09"]
[Round "9"]
[White "Wheldon, Philip"]
[Black "Farrand, Tom"]
[Result "1-0"]
[WhiteElo "2103"]
[BlackElo "2200"]
[PlyCount "83"]
[EventDate "2012.12.01"]
[EventType "swiss"]
[EventRounds "9"]
[EventCountry "ENG"]
[SourceTitle "EXT 2014"]
[Source "ChessBase"]
[SourceDate "2013.11.20"]
[SourceVersion "1"]
[SourceVersionDate "2013.11.20"]
[SourceQuality "1"]

1. e4 c5 2. Nc3 Nc6 3. f4 a6 4. Nf3 e6 5. g3 d5 6. d3 Nf6 7. Qe2 Be7 8. Bg2 0-0 9. 0-0 b5 10. Ne5 Nd4 11. Qf2 Bb7 12. exd5 exd5 13. Be3 Rc8 14. Rae1 b4 15. Na4 Qa5 16. b3 Qb5 17. g4 Bd6 18. c4 bxc3 19. Nxc3 Qa5 20. Bd2 Qd8 21. g5 Bxe5 22. fxe5 Nh5 23. Qh4 g6 24. Bh3 Ne6 25. Bg4 Nhg7 26. Rf6 d4 27. Ne4 Bxe4 28. Rxe4 c4 29. bxc4 Qb6 30. Rf3 Qb1+ 31. Re1 Qc2 32. Bb4 Rfd8 33. Ref1 Rd7 34. Bxe6 Nxe6 35. Rh3 h5 36. gxh6 Kh7 37. Rhf3 Rcc7 38. Bd6 Rb7 39. Qf6 Qxa2 40. c5 Qd5 41. h4 Rb2 42. Rg3 1-0

[Event "London Classic op 4th"]
[Site "London"]
[Date "2012.12.05"]
[Round "5"]
[White "Wheldon, Philip"]
[Black "Lazoni, Victor Hugo Boy"]
[Result "1-0"]
[WhiteElo "2103"]
[BlackElo "1806"]
[PlyCount "75"]
[EventDate "2012.12.01"]
[EventType "swiss"]
[EventRounds "9"]
[EventCountry "ENG"]
[SourceTitle "CBM 151 Extra"]
[Source "ChessBase"]
[SourceDate "2012.12.18"]
[SourceVersion "1"]
[SourceVersionDate "2012.12.18"]
[SourceQuality "1"]

1. Nf3 c6 2. b3 d5 3. Bb2 Bf5 4. g3 Nd7 5. Bg2 h6 6. 0-0 Ngf6 7. d3 e6 8. Nbd2 Be7 9. e4 dxe4 10. dxe4 Bh7 11. e5 Nd5 12. c4 Nb4 13. a3 Nd3 14. Bc3 Qc7 15. Qe2 a5 16. Ne4 N3c5 17. Nd6+ Kf8 18. Rad1 Nxb3 19. Nh4 Kg8 20. Qh5 Rf8 21. Bh3 Ndc5 22. f4 Bxh4 23. gxh4 Ne4 24. f5 Qb6+ 25. Kg2 Nxc3 26. fxe6 Bg6 27. exf7+ Kh7 28. Bf5 Bxf5 29. Qxf5+ g6 30. Qd3 Nxd1 31. h5 Ne3+ 32. Kh3 Rhg8 33. fxg8Q+ Rxg8 34. hxg6+ Kh8 35. g7+ Rxg7 36. Rf8+ Rg8 37. Rxg8+ Kxg8 38. Qg6+ 1-0

[Event "London Classic op"]
[Site "London"]
[Date "2011.12.08"]
[Round "6"]
[White "Wheldon, Philip"]
[Black "Berry, Neil"]
[Result "0-1"]
[WhiteElo "2126"]
[BlackElo "2312"]
[PlyCount "114"]
[EventDate "2011.12.03"]
[EventType "swiss"]
[EventRounds "9"]
[EventCountry "ENG"]
[SourceTitle "CBM 145 Extra"]
[Source "ChessBase"]
[SourceDate "2012.01.03"]
[SourceVersion "1"]
[SourceVersionDate "2012.01.03"]
[SourceQuality "1"]

1. e4 e5 2. Nf3 Nc6 3. Bb5 a6 4. Bxc6 dxc6 5. h3 Ne7 6. d4 exd4 7. Qxd4 Qxd4 8. Nxd4 Bd7 9. 0-0 0-0-0 10. Be3 Ng6 11. Nd2 Re8 12. f4 c5 13. N4b3 b6 14. a4 a5 15. Nc1 Bc6 16. f5 Ne5 17. Ne2 Be7 18. b3 Bf6 19. Rae1 Nd7 20. Ng3 Bc3 21. Re2 Nf6 22. Bg5 h6 23. Bxf6 Bxf6 24. Nf3 Re7 25. e5 Bxf3 26. exf6 Bxe2 27. fxg7 Rg8 28. Re1 f6 29. Nxe2 Rgxg7 30. Kf2 Rg5 31. g4 h5 32. Kf3 hxg4+ 33. hxg4 Rg8 34. Rf1 Rge8 35. Nf4 Re3+ 36. Kg2 Rg8 37. Ng6 Rg7 38. g5 fxg5 39. f6 Rf7 40. Nh8 Rh7 41. Ng6 Re2+ 42. Kg3 Rxc2 43. f7 Rc3+ 44. Kg4 Rxf7 45. Rxf7 Rxb3 46. Kxg5 c4 47. Nf4 c3 48. Ne6 c5 49. Rc7+ Kb8 50. Nxc5 bxc5 51. Rxc5 Rb4 52. Rxa5 Rc4 53. Rb5+ Ka7 54. Rb1 c2 55. Rc1 Ka6 56. Kf5 Ka5 57. Ke5 Kxa4 0-1

[Event "London Classic op"]
[Site "London"]
[Date "2011.12.06"]
[Round "4"]
[White "Wheldon, Philip"]
[Black "Prosviriakov, Vladimir"]
[Result "0-1"]
[WhiteElo "2126"]
[BlackElo "2274"]
[PlyCount "102"]
[EventDate "2011.12.03"]
[EventType "swiss"]
[EventRounds "9"]
[EventCountry "ENG"]
[SourceTitle "CBM 145 Extra"]
[Source "ChessBase"]
[SourceDate "2012.01.03"]
[SourceVersion "1"]
[SourceVersionDate "2012.01.03"]
[SourceQuality "1"]

1. e4 e5 2. Nf3 Nc6 3. Bb5 g6 4. c3 a6 5. Ba4 d6 6. d4 Bd7 7. 0-0 Bg7 8. Bg5 f6 9. Be3 Nh6 10. dxe5 Nxe5 11. Bxd7+ Qxd7 12. Nxe5 fxe5 13. Qb3 0-0-0 14. Nd2 Ng4 15. Nc4 Qb5 16. Rfd1 Rhf8 17. f3 Nxe3 18. Qxb5 axb5 19. Nxe3 Bh6 20. Ng4 Bg5 21. Rd5 h5 22. Nf2 c6 23. Rd3 Kd7 24. a4 bxa4 25. Rxa4 Ra8 26. Rxa8 Rxa8 27. Nd1 Ra2 28. Kf1 Ke6 29. c4 Ra4 30. b3 Ra1 31. Kf2 Ra2+ 32. Kf1 Bd8 33. Nc3 Ra1+ 34. Rd1 Ra3 35. Rb1 Ba5 36. Nd1 Bb6 37. b4 Bd4 38. b5 c5 39. Rc1 Ra2 40. h4 Kd7 41. g3 Rh2 42. Rb1 Rc2 43. Rb3 Rxc4 44. f4 exf4 45. gxf4 Bf6 46. Re3 Bxh4 47. Nc3 Rb4 48. Rh3 Be7 49. Rg3 Rb3 50. f5 gxf5 51. exf5 Bf6 0-1

[Event "London Classic op"]
[Site "London"]
[Date "2010.12.14"]
[Round "8"]
[White "Boger, Raymond"]
[Black "Wheldon, Philip"]
[Result "0-1"]
[WhiteElo "1952"]
[BlackElo "2125"]
[PlyCount "98"]
[EventDate "2010.12.08"]
[EventType "swiss"]
[EventRounds "9"]
[EventCountry "ENG"]
[SourceTitle "CBM 139 Extra"]
[Source "ChessBase"]
[SourceDate "2011.01.05"]
[SourceVersion "1"]
[SourceVersionDate "2011.01.05"]
[SourceQuality "1"]

1. c4 e6 2. g3 Nf6 3. Bg2 d5 4. Nf3 Be7 5. 0-0 0-0 6. d4 c6 7. Nc3 b6 8. cxd5 cxd5 9. Bf4 a6 10. Rc1 b5 11. Ne5 Bb7 12. e4 b4 13. Qb3 dxe4 14. Rfe1 Nc6 15. Nxc6 Bxc6 16. Nxe4 Bxe4 17. Bxe4 Nxe4 18. Rxe4 a5 19. Be5 Qd5 20. Qxd5 exd5 21. Rg4 f6 22. Rc7 Rf7 23. Bf4 h5 24. Rh4 g5 25. Rxh5 gxf4 26. Rxd5 Bf8 27. Rc6 f3 28. Rf5 Rd8 29. Rxf3 Rxd4 30. Rcxf6 Rxf6 31. Rxf6 Rd1+ 32. Kg2 Ra1 33. a3 bxa3 34. bxa3 Rxa3 35. h4 a4 36. h5 Ra2 37. g4 Bc5 38. Kg3 Bxf2+ 39. Kf4 Bd4 40. Rd6 Bc5 41. Rc6 Rc2 42. Kf5 a3 43. Kg6 a2 44. h6 Bf8 45. Rxc2 a1Q 46. Rf2 Qb1+ 47. Rf5 Qe4 48. h7+ Kh8 49. Kg5 Be7+ 0-1

[Event "London Classic op"]
[Site "London"]
[Date "2010.12.09"]
[Round "2"]
[White "Bratteteig, Tore Inge"]
[Black "Wheldon, Philip"]
[Result "0-1"]
[WhiteElo "1656"]
[BlackElo "2125"]
[PlyCount "100"]
[EventDate "2010.12.08"]
[EventType "swiss"]
[EventRounds "9"]
[EventCountry "ENG"]
[SourceTitle "CBM 139 Extra"]
[Source "ChessBase"]
[SourceDate "2011.01.05"]
[SourceVersion "1"]
[SourceVersionDate "2011.01.05"]
[SourceQuality "1"]

1. c4 Nf6 2. Nc3 e6 3. Nf3 d5 4. d4 Be7 5. g3 0-0 6. Bg2 c6 7. b3 b6 8. cxd5 cxd5 9. Bb2 Nbd7 10. 0-0 Ba6 11. Rc1 Rc8 12. Re1 Bd6 13. e4 Bb4 14. Nd2 dxe4 15. Ndxe4 Nxe4 16. Bxe4 Nf6 17. Bg2 Qd7 18. a3 Bxc3 19. Bxc3 Bb7 20. Qe2 Bxg2 21. Kxg2 Qd5+ 22. Qf3 Qxb3 23. Bb4 Qxf3+ 24. Kxf3 Rfe8 25. Bc3 Rc4 26. Bb2 Rec8 27. Rxc4 Rxc4 28. Rc1 Rxc1 29. Bxc1 Kf8 30. Bf4 Ke7 31. h3 Nd5 32. Bd2 Kd6 33. Ke4 Kc6 34. Kd3 Kb5 35. Bc1 a5 36. Bb2 Ka4 37. Kc2 g6 38. Bc1 Nc7 39. Kd3 Nb5 40. Ke4 f6 41. Be3 Kxa3 42. Kd3 Kb3 43. d5 exd5 44. Bxb6 a4 45. Bc5 a3 46. Bxa3 Kxa3 47. f4 f5 48. g4 h5 49. gxf5 gxf5 50. h4 Kb3 0-1

[Event "London Classic op"]
[Site "London"]
[Date "2010.12.08"]
[Round "1"]
[White "Wheldon, Philip"]
[Black "Miu, Marinel"]
[Result "1/2-1/2"]
[WhiteElo "2125"]
[BlackElo "1582"]
[PlyCount "93"]
[EventDate "2010.12.08"]
[EventType "swiss"]
[EventRounds "9"]
[EventCountry "ENG"]
[SourceTitle "CBM 139 Extra"]
[Source "ChessBase"]
[SourceDate "2011.01.05"]
[SourceVersion "1"]
[SourceVersionDate "2011.01.05"]
[SourceQuality "1"]

1. e4 e6 2. d4 d5 3. Nc3 Nf6 4. e5 Nfd7 5. f4 g6 6. Nf3 c5 7. Be3 a6 8. Qd2 b5 9. dxc5 Bxc5 10. Bxc5 Nxc5 11. Nd4 Qb6 12. b4 Ne4 13. Nxe4 dxe4 14. a4 bxa4 15. Rxa4 0-0 16. c4 Bb7 17. c5 Qc7 18. Qe3 Nc6 19. Be2 Nxd4 20. Qxd4 Rfd8 21. Qe3 Qc6 22. Ra5 Rd7 23. 0-0 Rad8 24. Rfa1 Rd4 25. h3 Rxb4 26. Bxa6 Rbd4 27. Bxb7 Qxb7 28. Ra7 Qc6 29. Kh2 Qxc5 30. R1a5 Qc2 31. Ra8 Qd3 32. Ra3 Qxe3 33. Rxd8+ Rxd8 34. Rxe3 Rd4 35. Kg1 f5 36. exf6 Kf7 37. Kf2 Kxf6 38. Ra3 Kf5 39. Ke3 Rd5 40. g4+ Kf6 41. Ra7 g5 42. fxg5+ Kxg5 43. Rxh7 Kg6 44. Re7 Kf6 45. Rh7 Kg6 46. Re7 Kf6 47. Rh7 1/2-1/2

[Event "Gibraltar Challengers-B 8th"]
[Site "Caleta"]
[Date "2010.02.04"]
[Round "5"]
[White "Wheldon, Philip"]
[Black "Ivanov, Stojan Emilov"]
[Result "1-0"]
[WhiteElo "2103"]
[BlackElo "2261"]
[PlyCount "87"]
[EventDate "2010.01.31"]
[EventType "swiss"]
[EventRounds "5"]
[EventCountry "GGB"]
[SourceTitle "EXT 2011"]
[Source "ChessBase"]
[SourceDate "2010.11.26"]
[SourceVersion "1"]
[SourceVersionDate "2010.11.26"]
[SourceQuality "1"]

1. e4 e5 2. Nf3 Nf6 3. Nxe5 d6 4. Nf3 Nxe4 5. d4 Be7 6. Bd3 d5 7. 0-0 0-0 8. Re1 Nc6 9. Bxe4 dxe4 10. Rxe4 Bf5 11. Re1 Nb4 12. Na3 c5 13. c3 Nd3 14. Re3 Nxc1 15. Qxc1 cxd4 16. cxd4 Bf6 17. Qc5 Be6 18. Nb5 b6 19. Qc7 a6 20. Qxd8 Raxd8 21. Nc7 Bc8 22. Rb3 b5 23. a4 Rd7 24. Rc1 bxa4 25. Rb4 g5 26. h3 Rfd8 27. d5 h6 28. Rb6 Kg7 29. Rc4 Re7 30. Rcc6 Rdd7 31. d6 Re2 32. Nd5 Bxb2 33. Rxc8 a3 34. Rxa6 h5 35. Rc7 Rd8 36. Nc3 Re6 37. Nxg5 Rexd6 38. Nxf7 Rxa6 39. Nxd8+ Kf6 40. Na2 Ke5 41. Rc5+ Ke4 42. Nc6 Kd3 43. Ncb4+ Kd4 44. Rxh5 1-0

[Event "Gibraltar Challengers1"]
[Site "Gibraltar"]
[Date "2009.01.28"]
[Round "2"]
[White "Wheldon, Philip"]
[Black "Hagesaether, Arne"]
[Result "1/2-1/2"]
[WhiteElo "2094"]
[BlackElo "2184"]
[PlyCount "77"]
[EventDate "2009.01.27"]
[EventType "tourn"]
[EventRounds "5"]
[EventCountry "ENG"]
[SourceTitle "EXT 2010"]
[Source "ChessBase"]
[SourceDate "2010.11.25"]
[SourceVersion "1"]
[SourceVersionDate "2010.11.25"]
[SourceQuality "1"]

1. e4 c6 2. d4 d5 3. Nd2 dxe4 4. Nxe4 Bf5 5. Ng3 Bg6 6. Nf3 Nd7 7. h4 h6 8. h5 Bh7 9. Bd3 Bxd3 10. Qxd3 e6 11. Bf4 Qa5+ 12. Bd2 Bb4 13. c3 Be7 14. 0-0 Ngf6 15. Rfe1 0-0 16. Nf5 Rfe8 17. Nxe7+ Rxe7 18. Ne5 Rd8 19. c4 Qa6 20. Qc2 Nxh5 21. g4 Nhf6 22. g5 hxg5 23. Bxg5 c5 24. Rad1 Qb6 25. Rd3 cxd4 26. f4 Ree8 27. Qh2 Qa5 28. Qh4 Kf8 29. Re2 Ke7 30. Qh3 Rh8 31. Ng6+ fxg6 32. Qxe6+ Kf8 33. Qe7+ Kg8 34. Ra3 Qc7 35. Bxf6 gxf6 36. Qe6+ Kg7 37. Qe7+ Kg8 38. Qe6+ Kg7 39. Qe7+ 1/2-1/2

[Event "Blackpool op 29th"]
[Site "Blackpool"]
[Date "2005.03.11"]
[Round "1"]
[White "Wheldon, Philip"]
[Black "Trent, Lawrence"]
[Result "0-1"]
[WhiteElo "2100"]
[BlackElo "2387"]
[PlyCount "59"]
[EventDate "2005.03.11"]
[EventType "swiss"]
[EventRounds "5"]
[EventCountry "ENG"]
[SourceTitle "CBM 105 Extra"]
[Source "ChessBase"]
[SourceDate "2005.05.01"]
[SourceVersion "1"]
[SourceVersionDate "2005.05.01"]
[SourceQuality "1"]

1. e4 e5 2. Nf3 Nc6 3. Bb5 Bc5 4. 0-0 Nf6 5. d3 Nd4 6. Ba4 Nxf3+ 7. Qxf3 0-0 8. Nc3 d6 9. h3 c6 10. Bb3 a5 11. Be3 Bd4 12. a3 Be6 13. Ba2 Nd7 14. Qg3 Nc5 15. Bxd4 exd4 16. Ne2 Bxa2 17. Rxa2 Ne6 18. Qg4 d5 19. f4 dxe4 20. f5 exd3 21. cxd3 Nc5 22. f6 g6 23. Rf5 Ne6 24. Ra1 Kh8 25. Rf2 a4 26. Raf1 Ra5 27. h4 Re5 28. Ng3 Qd5 29. Ne4 c5 30. Ra1 0-1